| 000 | 01229nam a22003017a 4500 | ||
|---|---|---|---|
| 001 | 79426 | ||
| 003 | BD-RjUL | ||
| 005 | 20220531163105.0 | ||
| 008 | 220220s2008 bg a|||| m||| 00| 0 eng d | ||
| 035 | _a(BD-RjUL)79426 | ||
| 040 |
_aBD-RjUL _beng _cBD-RjUL _dBD-RjUL |
||
| 041 | _aeng | ||
| 082 |
_223 _a362.19897 _bHAI 2008 |
||
| 100 |
_aHaque, Abul Kasem Mohammad Enamul _91487 |
||
| 245 | 1 | 0 |
_aIIIness and the healing Practices : _bA study on health behaviour of the elderly in Rural Bangladesh / _cAbul Kasem Mohammed Enamul Haque ; _6Supervisor: Sultana Mustafa Khanum |
| 260 |
_aRajshahi : _bInstitute of Bangladesh Studies, University of Rajshahi, _c2008 |
||
| 300 |
_axvi, 292 leaves : _bill, ; _c29. cm. |
||
| 502 | _aThesis (Ph. D.) -- Institute of Bangladesh Studies, University of Rajshahi, 2008 | ||
| 504 | _aBibliography : Leaves 260 -269 | ||
| 600 | _q . | ||
| 650 |
_aOlder people _xHealth and hygiene _zBangladesh _92994 |
||
| 650 |
_aHealth Services for the Aged _zBangladesh _92995 |
||
| 650 |
_aMedical care _xSociological aspects _92996 |
||
| 650 |
_aSociology, Medical. _92997 |
||
| 650 |
_aSocial medicine _9195 |
||
| 700 |
_aKhanum, Sultana Mustafa, Supervisor _91367 |
||
| 942 |
_2ddc _cTHE |
||
| 999 |
_c79426 _d79426 |
||